Efectos de la aplicación de hormonas de Marango Moringa Olifeira, al cultivo de pimiento Dulce, Capsicum annum, bajo un volumen determinado de agua por el sistema de riego por microaspersor
Presenta los efectos de la aplicación de hormonas de Marango Moringa Oleífera, al cultivo de pimiento Dulce, Capsicum annum, bajo un volumen determinado de agua por el sistema de riego por microaspersor mediante la valoración del fitoregualador de crecimiento Marango, la instalación del sistema...
| Main Authors: | , |
|---|---|
| Other Authors: | |
| Format: | Tesis Section = Libro |
| Language: | Undetermined Spanish |
| Published: |
Managua
UNI
1998
|
| Subjects: |
| LEADER | 01446nam a2200277Ia 4500 | ||
|---|---|---|---|
| 008 | 240830s9999 xx 000 0 und d | ||
| 040 | |a BIBLIOTECA-RUPAP Mon 635.643 L864 | ||
| 041 | |a spa | ||
| 082 | |a Mon 635.643 L864 | ||
| 100 | 1 | |a López Lanuza, Francys del Socorro | |
| 100 | 1 | |b Vallecillo Chávez, Henry Manuel | |
| 245 | 1 | 0 | |a Efectos de la aplicación de hormonas de Marango Moringa Olifeira, al cultivo de pimiento Dulce, Capsicum annum, bajo un volumen determinado de agua por el sistema de riego por microaspersor |
| 260 | |a Managua |b UNI |c 1998 | ||
| 300 | |a 88 p. :il. | ||
| 500 | |a Contiene: anexos. | ||
| 502 | |a Tesis (Ingeniero Agrícola)- UNI, 1998. | ||
| 520 | 3 | |a Presenta los efectos de la aplicación de hormonas de Marango Moringa Oleífera, al cultivo de pimiento Dulce, Capsicum annum, bajo un volumen determinado de agua por el sistema de riego por microaspersor mediante la valoración del fitoregualador de crecimiento Marango, la instalación del sistema de riego a utilizar de acuerdo a las condiciones del área de siembra y la constatación del efecto fitoregulador de Marango en momentos fenológicos de desarrollo. | |
| 650 | 7 | |a PIMIENTOS DULCES | |
| 650 | 7 | |b CHILTOMAS – CULTIVOS | |
| 650 | 7 | |c HORMONAS VEGETALES – MORINGA OLIFEIRA | |
| 650 | 7 | |d SIEMBRA DE CHILTOMA | |
| 650 | 7 | |e RIEGO POR ASPERSION | |
| 700 | 1 | |a Tutor: |b Vázquez, Wilfredo | |
| 942 | |c BK |2 ddc | ||
| 991 | |a TESIS | ||
| 999 | |c 16776 | ||